[Event "Shamkir Chess 2016"]
[Site "?"]
[Date "2016.05.26"]
[Round "1.1"]
[White "Safarli, Eltaj"]
[Black "Eljanov, Pavel"]
[Result "1/2-1/2"]
[WhiteElo "2664"]
[BlackElo "2765"]
[EventDate "2016.??.??"]
[Annotator "Bojkov,Dejan"]
[PlyCount "85"]
[Beauty "5982126110769"]
[EventType "schev"]
[EventRounds "3"]
[WhiteClock "0:45:33"]
[BlackClock "0:57:01"]

1.Nf3 d5 2.c4 e6 3.g3 dxc4 4.Bg2 a6 {A solid move which is designed to fight the "Catalan" bishop ong2 as early as possible.} ( {Black can naturally play this later} 4...Nf6 5.O-O a6 6.Qc2 Be7 {but then White will have the extra option} 7.Ne5 $5 c5 8.a4 Nd5 9.Qxc4 Nd7 10.Nxd7 Bxd7 11.Bxd5 exd5 12.Qxd5 Be6 13.Qxd8+ Rxd8 14.d3 c4 15.dxc4 Bxc4 {although Black has certainly compensation for a pawn in Li,C (2751)-Lenic,L (2611) Gibraltar 2016} ) 5.Qc2 Bd6 {Now Nf3-e5 is stopped for good.} 6.Qxc4 ( {On} 6.Na3 {Black can boldly defend the pawn with} 6...b5 7.Ne5 Ra7 ) 6...Nf6 ( 6...b5 {is premature to} 7.Qg4 ) 7.O-O ( 7.d4 {will lead to Catalan type of position, good for Black after} 7...b5 8.Qc2 Bb7 ) 7...b5 8.Qb3 Bb7 9.a4 Nbd7 {A good novelty by Eljanov.} ( {Chandra chose the immediate} 9...c5 {against Nakamura which is less precise since after} 10.d3 Bd5 11.Qc2 Nbd7 {White can develop the his queenside knight better} 12.Nc3 {Nakamura,H (2787)-Chandra,A (2477) Saint Louis 2016} ) 10.axb5 ( {Now} 10.Nc3 {can be met with} 10...b4 {When Black is very serious about capturing on c3, for example} 11.a5 $2 bxc3 12.Qxb7 Rb8 13.Qxa6 cxb2 ) 10...Bd5 {Thanks to this standrt trick Black takes the pawn back.} 11.Qc2 ( 11.Qa4 $4 axb5 ) ( {Or} 11.Qd3 Nc5 {can't keep the pawn neither.} ) 11...axb5 12.Rxa8 Qxa8 13.Na3 {A poor square for the knight, but} ( 13.Nc3 Bc6 {yields White nothing as well.} ) 13...Qb7 14.d3 c5 {The outcome of the opening is excellent for Black. His piecse are well developed and co-ordinated.} 15.Bg5 ( {Maybe} 15.e4 Bc6 16.Nd2 {would have been a better choice.} ) 15...O-O 16.Rc1 Rc8 17.Nb1 {Safarli admits his mistake, but the lost tempoes are not for free.} 17...h6 18.Bxf6 {Black adds the bishop pair to his asset box (besides the space advantage.)} ( {Perhaps} 18.Bd2 c4 19.dxc4 Rxc4 20.Qd1 Rxc1 21.Bxc1 b4 {was safer for White although he still has to solve problems as his pieces look cramped.} ) 18...Nxf6 19.Nc3 ( {Forks are never on the agenda} 19.e4 Bc6 20.e5 $2 Bxe5 ) 19...Bc6 20.Qb3 Be7 $1 {The beginning of a nice maneuver. The knight will then go to e8-d6-f5 and d4, while the bishop wants to reign on the long diagonal. The other choice was} ( 20...Ra8 {also with advantage for Black.} ) 21.Ra1 Ne8 22.Ne1 Bxg2 23.Nxg2 Nd6 24.Ne3 Bg5 25.Nf1 ( 25.Ncd1 $5 {is more solid, albeit passive.} ) 25...b4 26.Nb1 $6 ( {Better was} 26.Nd1 c4 27.dxc4 Nxc4 {although White suffers here as well.} ) 26...c4 27.dxc4 Nxc4 28.e3 {A blunder, but White's position was awful anyway.} ( 28.h4 Bf6 ) 28...Nxe3 $3 {After outplaying his opponent positionally, Eljanov goes for the decisive tactcs.} 29.fxe3 ( 29.Nxe3 Rc1+ 30.Nf1 Qb5 {loses on the spot.} ) 29...Rc1 30.Kf2 Qh1 $6 {But for some reason the Ukrainian GM slips when the win was so close. Strong was} ( 30...Qe4 $1 {with the double threat of Qe4-f5+ and Rc1xb1. White is helpless, say} 31.Ra5 ( 31.Ke2 Qg2+ ) ( 31.g4 Bh4+ 32.Ng3 Rc2+ ) 31...Qxb1 ) 31.Qd3 f5 $6 {One more click and it is Safarli who can fight for the win. Better was} ( 31...e5 $1 {With the threat e5-e4 followed by Qh1-f3+. Then an only move is} 32.e4 ( 32.Ra7 {reveals Black's idea} 32...e4 $1 33.Qe2 Rxf1+ $1 34.Qxf1 Qf3+ 35.Ke1 Qxe3+ ) 32...Be7 $1 33.Ra5 Bc5+ 34.Rxc5 Rxc5 35.Nbd2 {with unclear position.} ) 32.h4 {Even better was} ( 32.Qa6 $1 {with the double threat of a pawn capture and queen trade and if} 32...Kh7 33.Nbd2 {frees the rook from the pin.} ) 32...Be7 33.Ra5 f4 $1 {If White consolidates he will be simply up a piece.} 34.exf4 ( 34.Nbd2 {looks too risky not only in the time-trouble after} 34...fxg3+ 35.Nxg3 Qh2+ 36.Kf3 Rc8 ) 34...Qc6 {Better than} ( 34...Bc5+ 35.Rxc5 Rxc5 36.Nbd2 ) 35.Re5 Bc5+ 36.Rxc5 Qxc5+ 37.Ne3 b3 $1 {Another energetic move.} 38.Nd2 {The utility of the b3 pawn is demonstrated by the line:} ( 38.Nc3 Qxc3 $3 39.bxc3 b2 {and White is forced to give perpetual to avoid the worst-} 40.Qd8+ Kh7 41.Qd3+ ) 38...Rc2 39.Kf3 {The computer suggests instead} ( 39.Qd8+ Kh7 40.Ke2 Rxb2 41.Qd3+ Kg8 42.Nd1 Qh5+ ( 42...Ra2 43.Qxb3 ) 43.Ke1 {although it is highly doubtful if White can ever win this even without the b3 pawn.} ) 39...Rxb2 40.Qd8+ {And Safarli forces a draw} 40...Kh7 ( 40...Qf8 41.Qxf8+ ( 41.Qd4 $5 ) 41...Kxf8 42.Ke2 Ra2 43.Kd3 b2 44.Nb1 ) 41.Qd3+ Kh8 42.Qd8+ Kh7 43.Qd3+ 1/2-1/2

[Event "Shamkir Chess 2016"]
[Site "?"]
[Date "2016.05.30"]
[Round "5.3"]
[White "Caruana, Fabiano"]
[Black "Radjabov, Teimour"]
[Result "1-0"]
[WhiteElo "2804"]
[BlackElo "2726"]
[EventDate "2016.??.??"]
[Annotator "Bojkov,Dejan"]
[PlyCount "71"]
[Beauty "7975485835824"]
[EventType "schev"]
[EventRounds "3"]
[WhiteClock "0:00:54"]
[BlackClock "0:00:30"]

1.e4 c5 2.Nf3 Nc6 3.Bb5 {The Rossolimo remains the pet line of Caruana against the 2...Nc6 approach - especially against someone who plays the Sveshnikov/Kalashnikov lines well, like Radjabov.} 3...g6 4.Bxc6 dxc6 5.d3 Bg7 6.h3 Nf6 7.Nc3 {The most flexible move which keeps the option on castling either side. Caruana also tried:} ( 7.O-O Nd7 8.Nc3 e5 9.Be3 Qe7 10.Qd2 h6 11.Ne2 Nf8 12.Nh2 Ne6 {but that was back in 2005, Caruana,F (2219)-Valet,R (2082) Budapest 2005} ) 7...O-O {According to my Megabase, Caruana faces this move for the first time. Radjabov had played it twice, but with poor results.} ( {Black can be flexible with the castling as Nakamura proved at the U.S. Championship last year:} 7...Nd7 8.Be3 b6 9.Qd2 h6 10.O-O e5 11.Nh2 g5 12.Ne2 Nf8 13.Ng3 Ng6 {with unclear play, Caruana,F (2787)-Nakamura,H (2793) Saint Louis 2015. But, you can be certain that Caruana did his homework here as well.} ) 8.Bf4 {It makes sense to take away the e7-e5 resource.} 8...b6 {In a blitz game against Grischuk, Radjabov went for} ( 8...Nh5 9.Be3 b6 10.g4 Nf6 11.Qd2 {In comparison to the 8.Be3 b6 line White has an extra tempo g2-g4 which is extremely valuable with opposite castling, Grischuk,A (2763) -Radjabov,T (2788) Astana 2012} ) 9.Qd2 Re8 10.O-O-O a5 11.Ne5 {Once again Caruana unleashes a novelty in Shamkir. The idea is to block Black's main resource- e7-e5.} ( {A predecessor saw:} 11.g4 a4 12.Be5 b5 13.g5 Nh5 14.Bxg7 Kxg7 15.Ne2 e5 {when Black seems very stable on the kingside, Dolzhikova,K (2351)-Aslanian,L (2183) Nikolaev 2008} ) ( {None tried yet} 11.Bh6 {to which Black can react with} 11...e5 ) 11...b5 $5 {Active play.} ( 11...Bb7 {is possible but passive.} ) 12.Qe3 {This drags the enemy queen to a vulnerable square. Radjabov would not mind seeing his pawn disappear after} ( 12.Nxc6 Qb6 13.Ne5 a4 {the tempoes and the diagonals that he had won in return would compensate him with interest.} ) 12...Qb6 13.Bh6 Bh8 {Safer than:} ( 13...Bxh6 14.Qxh6 a4 {when Black has to anticipate the sacrifice of the knight:} 15.Nxf7 {with the idea} 15...Kxf7 $2 16.e5 Nd5 17.Qxh7+ Ke6 ( 17...Kf8 18.Ne4 {followed by Ne4-g5 and mate.} ) 18.Nxd5 {and White wins.} ) 14.f4 a4 15.Rhf1 {Both sides consistently improve on "their" flanks.} 15...e6 {Somewhat slow.} ( {It made sense to get rid of the active knight with} 15...Nd7 16.Nxd7 Bxd7 17.e5 f5 {with unclear play.} ) ( {Also interesting was} 15...b4 {but after} 16.Nc4 $1 Qb8 17.Ne2 {Black's offense slows-} 17...b3 18.cxb3 axb3 19.a3 ) 16.g4 a3 {Not sure what Radjabov missed, but} ( 16...b4 {was still playable.} ) 17.b4 $1 Nd7 18.Nxd7 Bxd7 19.e5 {Black will be soon down a pawn with inactive pieces as compensation.} 19...f5 20.Ne2 {Caruana correctly pins his hopes on the middlegame. After} ( {After} 20.Qxc5 Qxc5 21.bxc5 b4 22.Ne2 Ra5 {Black gets counterplay, as} 23.d4 Bc8 {followed by Ba6-c4-d5 revives the bishop.} ) 20...Bg7 21.Bxg7 Kxg7 22.h4 {Consistent strategy.} 22...fxg4 23.h5 gxh5 {Or else the files will be opened in White's favor:} ( 23...Qa7 24.hxg6 cxb4 25.Qg3 hxg6 26.Qh4 $1 Qe3+ 27.Kb1 Rf8 28.Rh1 {and White crashes in.} ) 24.Ng3 Kh8 {Black cannot hold the kingside pawns with} ( 24...h4 {due to} 25.Nh5+ Kh8 26.Nf6 {This is the square that White sacrificed all the pawns for.} 26...Re7 27.Rh1 h3 28.Rdg1 {and Black is helpless.} ) 25.Nxh5 Re7 26.Nf6 {Once again the knight reaches the key f6 square. I dare to say Caruana would not sell the steed for a million bucks.} 26...Be8 27.f5 {White is determined to help the knight.} ( 27.Rh1 {was also good of course.} ) 27...exf5 28.Rxf5 Qc7 29.Rg5 Rg7 {The best defense.} ( {Still, it is a pity that Radjabov did not enter the extremely beautiful line} 29...Bg6 30.Rxg6 hxg6 31.Qh6+ Rh7 32.Rh1 $3 ) ( {Less pretty is} 29...Bf7 30.Nxh7 $1 ) ( {Prosaically loses} 29...Bd7 30.Qxc5 ( {Although White can try the flashy} 30.e6 Rxe6 ( 30...Bxe6 31.Re1 ) 31.Rh1 ) ) 30.Rh1 Bg6 31.Rxg4 ( 31.bxc5 {was safer.} ) 31...Qf7 ( {Or} 31...cxb4 32.e6 ) 32.Kb1 cxb4 {White should also win after} ( 32...c4 33.d4 Ra4 34.Qd2 Bf5 ) 33.Qd4 Bf5 {It seems as Black managed to catch his breath, however...} 34.e6 $3 {Caruana finds a study in the middlegame!} 34...Rxg4 ( {The alternative is mate after} 34...Bxe6 35.Rxh7+ Rxh7 36.Nxh7+ Kxh7 37.Qe4+ Kh6 38.Qe3+ ) 35.exf7 Rxd4 36.Ne8 $1 {Up a rook and a pawn Radjabov resigns in the endgame!} 1-0

[Event "Shamkir Chess 2016"]
[Site "?"]
[Date "2016.06.02"]
[Round "7.1"]
[White "Mamedyarov, Shakhriyar"]
[Black "Safarli, Eltaj"]
[Result "1-0"]
[WhiteElo "2748"]
[BlackElo "2664"]
[EventDate "2016.??.??"]
[Annotator "Bojkov,Dejan"]
[PlyCount "87"]
[Beauty "7426535348264"]
[EventType "schev"]
[EventRounds "3"]
[WhiteClock "1:15:47"]
[BlackClock "0:39:23"]

1.d4 Nf6 2.c4 e6 3.Nc3 Bb4 4.g3 d5 5.Bg2 O-O 6.a3 {A fresh line in comparison to the standard} ( 6.Nf3 ) 6...Bxc3+ 7.bxc3 c5 {"I am not sure about this move. I analyzed this and I think it is easier to play as White." Mamedyarov.} ( {Black's major alternative is to accept the sacrificed pawn with} 7...dxc4 8.Nf3 Nc6 9.O-O Na5 10.Bg5 c6 11.e4 h6 12.Bh4 {as in Ivanchuk, V (2710)-Fressinet,L (2700) Huaian 2016} ) 8.cxd5 exd5 9.Nf3 cxd4 {A novelty, but "I think this is a bad move as it gives me time" - Mamedyarov. There are other continuations, for example:} ( {Predecessors have seen so far:} 9...Bf5 {wh obviously Mamedyarov spent a lot of time analyzing this line} 10.O-O ( 10.dxc5 $5 ) 10...Qc8 {Now} 11.Bg5 $5 {seems to give White some edge} ( 11.Bf4 c4 12.Nd2 Bh3 {Colls Gelaberto,E (2164)-Naroditsky, D (2622) Benasque 2015} ) ( {Or also} 11.dxc5 ) ) ( {White believed that best for his opponent is} 9...Re8 10.O-O Qe7 ) ( {On} 9...Ne4 {Mamedyarov intended} 10.Qc2 ) 10.Nxd4 Nc6 11.O-O Ne4 12.c4 $1 {" I missed this move" - Safarli.} 12...Re8 {White has big advantage as the tactical line:} ( 12...Nc3 13.Nxc6 Qe8 14.Qd2 Nxe2+ 15.Kh1 Nxc1 16.Nd4 {leaves Black a knight down.} ) 13.Bb2 {Simple and strong.} ( {White also considered} 13.Be3 $5 {but was not sure about the complications after} 13...Nc3 14.Nxc6 bxc6 15.Qd3 d4 16.Bxc6 Bg4 ( 16...Bd7 {might be better with the idea} 17.Bxa8 $2 Qxa8 18.Rfc1 Bh3 19.f3 Rxe3 ) 17.Bxe8 ) 13...Na5 ( {On} 13...Qb6 {strong is} 14.cxd5 Qxb2 15.dxc6 bxc6 16.Qd3 {Mamedyarov.} ) 14.cxd5 Nc4 15.Rb1 ( {Also good was} 15.Qb3 Nxb2 16.Qxb2 Qxd5 17.Rfd1 {with a large advantage for White.} ) 15...Nxb2 ( 15...Ned2 {does not work on the account of} 16.Rc1 Nxf1 17.Rxc4 {and the knight is trapped.} ) ( {And if the other knight jumps} 15...Ncd2 {simply} 16.Bxe4 ) 16.Rxb2 Qxd5 17.Qd3 {Mamedyarov goes for a forcing line.} ( {He disliked} 17.Rb5 Qd6 18.Qd3 a6 19.Rb4 Nc5 {with some chances for a draw.} ) 17...Bd7 18.Rfb1 Rab8 {This loses material but it is extremely difficult to give Black good advice.} ( {The point of White's idea was that in case of the natural move} 18...b6 {he has} 19.Nb5 $1 Qxd3 20.exd3 Bxb5 21.Bxe4 {winning the exchange.} ) ( {He also calculated} 18...Rad8 19.Rxb7 Bc8 20.R7b4 a5 21.Ra4 Qd7 22.Qc2 {and saw no danger for White's rook getting trapped.} ) ( {Safarli discarded} 18...Bc6 {because of the rook endgame after} 19.Nxc6 bxc6 20.Bxe4 Qxe4 21.Qxe4 Rxe4 22.Rb8+ Re8 23.Rxa8 Rxa8 24.Rb7 {which he believed is lost for Black.} ) 19.Rb5 $1 Bxb5 20.Rxb5 Nxf2 21.Kxf2 Qd6 ( {Or} 21...Qd7 22.Rd5 {followedby Nd4-f5 and a typical kingside attack. If you have two pieces against a rook in the middlegame, then you should attack the king.} ) 22.Bxb7 Rbd8 {Mamedyarov has won two minor pieces for a rook and is clearly winning.} 23.e3 {Even better was} ( 23.Bd5 a6 {and now not Ljubojevic's recommendation} 24.Nf5 ( {But} 24.Bxf7+ $1 Kxf7 25.Qb3+ Re6 ( 25...Kf8 26.Rf5+ Ke7 27.Qf7# ) 26.Rb7+ Kf6 27.Qf3+ Ke5 28.Nxe6 Kxe6 ( 28...Qxe6 29.Qc3+ ) 29.Qf7+ {and White wins.} ) 24...Qf6 25.Rb7 Re5 26.e4 g6 27.Rxf7 {which Mamedyarov saw, and which was the main reason for him not to chose this line due to the tricky refutation} 27...Rdxd5 $1 28.Qxd5 Qb6+ ) 23...Re5 24.a4 h5 25.h4 Rde8 26.e4 Qf6+ 27.Kg2 Rxb5 28.axb5 g6 29.Bd5 Re7 30.Qd2 ( 30.Qe3 $5 {should be winning too.} ) 30...a6 31.bxa6 {Only here does Mamedyarov go wrong. Without the queenside pawns Black's surviving chances increase greatly.} ( 31.Nc6 $1 {suggested by Safarli would have won after} 31...Rd7 32.Nb8 $1 ( {But not} 32.e5 Qe6 $1 {(Mamedyarov)} ) ) 31...Qxa6 32.Nc6 ( 32.Qf4 {would have been a better try.} ) ( 32.Qf2 Qb6 ) 32...Rc7 33.Nd8 {Mamedyarov lost the path once that the queenside pawns were traded.} ( 33.Ne5 Kg7 ) ( {For some reason White was afraid of the possible fortresses after} 33.Qf2 Qxc6 34.Bxc6 Rxc6 {although he admitted he should be winning here.} ) 33...Qa4 34.Qh6 ( {From far away White thought he is winning after} 34.Bxf7+ Rxf7 35.Qd5 {but saw the refutation just in time} 35...Qc2+ 36.Kh3 Qc8+ ) ( 34.Qd3 Kg7 35.Nxf7 {seems winning for White but there is the fantastic resource} 35...Rxf7 36.Qc3+ Rf6 37.Qc7+ Kh6 38.Qd8 Rf7 $3 39.Qg5+ ( 39.Bxf7 Qxe4+ 40.Kf2 Qf5+ ) 39...Kg7 40.Qe5+ Kh7 41.Bxf7 Qc2+ 42.Kh3 Qd1 43.Bxg6+ Kxg6 44.Qf5+ Kh6 {and despite the two extra pawn, this might be a draw.} ) 34...Rc2+ ( {White intended to repeat moves after} 34...Qa6 35.Qd2 Qa4 36.Qg5 Qa6 ) ( {However, at this very moment Safarli missed a study-like draw with} 34...Qc2+ $1 35.Kh3 Qd1 $3 36.Qxg6+ Kf8 37.Qd6+ Kg7 38.e5 Qg4+ 39.Kh2 Rc2+ 40.Bg2 Rxg2+ 41.Kxg2 Qe2+ {with perpetual.} ) 35.Kh3 Qd7+ 36.Ne6 fxe6 37.Qxg6+ Kf8 {Now White is back in control. It is unclear though if he is winning after} ( 37...Kh8 38.Qxh5+ Kg7 39.Qg4+ Kf7 ) 38.Bxe6 Qg7 39.Qxh5 Rc3 40.Qg4 Qxg4+ {Without the queens the pawns are unstoppable. The last chance was} ( 40...Qf6 41.Qg8+ Ke7 42.Bf5 ) 41.Kxg4 Kg7 42.Kf4 Rc1 43.Kg5 Re1 44.Bf5 1-0

[Event "Shamkir Chess 2016"]
[Site "?"]
[Date "2016.06.02"]
[Round "7.4"]
[White "Eljanov, Pavel"]
[Black "Hou, Yifan"]
[Result "1-0"]
[WhiteElo "2765"]
[BlackElo "2663"]
[EventDate "2016.??.??"]
[Annotator "Bojkov,Dejan"]
[PlyCount "119"]
[Beauty "6396280047706"]
[EventType "schev"]
[EventRounds "3"]
[WhiteClock "0:20:17"]
[BlackClock "0:00:26"]

1.d4 Nf6 2.Nf3 d5 3.Bf4 {The London System attracted one more strong GM. According to my Megabase, this is only the second time that Eljanov plays it.} 3...e6 ( {His previous game went:} 3...Bf5 4.e3 e6 5.Bd3 Ne4 6.Nbd2 Bd6 7.Bxe4 dxe4 8.Ne5 {Eljanov,P (2765)-Li,C (2755) Stavanger 2016} ) 4.e3 c5 5.c3 Nc6 6.Nbd2 Bd6 7.Bg3 O-O 8.Bb5 {A rare move. White normally develops the bishop on the b1-h7 diagonal:} ( 8.Bd3 b6 9.e4 Be7 10.Ne5 Nxe5 11.dxe5 Nxe4 12.Nxe4 dxe4 13.Bxe4 Qxd1+ 14.Rxd1 Rb8 {with a slight pull for White in Kamsky, G (2678)-Nakamura,H (2787) Saint Louis 2016} ) 8...a5 {This has never been played before. A common approach is} ( 8...Ne7 9.dxc5 Bxc5 10.Bd3 b6 {Kramnik, V (2801)-Nakamura,H (2787) Zuerich 2016} ) ( {while Eljanov tried as Black} 8...Qe7 9.O-O Bxg3 10.hxg3 Bd7 11.Bxc6 Bxc6 12.Ne5 Rac8 {Kayumov,S (2505)-Eljanov,P (2723) Dubai 2014} ) 9.a4 {This stops Black's plan Nc6-a7 followed by b7-b5 and a queenside attack.} 9...Ne7 10.Qe2 Nf5 11.Bd3 Be7 {Naturally, Hou does not want to open a file against her king with} ( 11...Nxg3 12.hxg3 {when g3-g4-g5 comes automatically.} ) 12.Be5 {But Eljanov finds another way to advance his pawns.} 12...b6 13.Bxf6 Bxf6 14.g4 Nd6 15.h4 Be7 16.g5 Bb7 ( {Perhaps} 16...Nf5 $5 {to block the diagonal was better.} ) 17.Ne5 Qe8 $1 {Prophylaxis.} 18.Rg1 {Eljanov improves his position.} ( {The immediate} 18.Bxh7+ {is wrong due to} 18...Kxh7 19.Qh5+ Kg8 20.g6 fxg6 21.Nxg6 Rf5 ) ( {Hou's idea is seen in the line} 18.Qh5 {to weaken the kingside} 18...f5 $1 ) 18...f5 {Black has to watch out for the sacrifice on h7 already.} ( 18...c4 {In comparison to before} 19.Bxh7+ Kxh7 20.Qh5+ Kg8 21.g6 fxg6 22.Nxg6 Rf5 $2 {leads to mate with the white rook on g1} ( {Nothing is clear though after} 22...Nf7 ) ( {Or} 22...Bf6 ) 23.Qh8+ Kf7 24.Ne5+ Kf6 25.Qxg7# ) 19.gxf6 Bxf6 20.Qg4 {White is happy to open files on the kingside, but he still has a major problem to solve: where to hide his own king? We can now fully appreaciate the value of Hou's novelty.} 20...Ba6 21.Bc2 Ra7 22.Ndf3 Bxe5 {An inaccuracy. After the preliminary} ( 22...cxd4 23.exd4 Bxe5 24.Nxe5 Nc4 {Black is very solid.} ) 23.dxe5 $1 Nf5 24.Ng5 h6 {Black plays in a very classical way and tries to counter the flank attack with a central strike. But she comes a move short.} ( 24...b5 $5 {deserved attention first when a possible line runs} 25.axb5 ( {However, here too White has} 25.e4 dxe4 26.Nxe4 {with advantage.} ) 25...Qxb5 26.Nxe6 Qxb2 27.Kd2 d4 28.exd4 cxd4 29.cxd4 Rc8 30.Qxf5 Qc3+ 31.Kd1 Qxa1+ 32.Bb1 g6 33.Rxg6+ hxg6 34.Qxg6+ Kh8 35.Qh6+ ) ( 24...d4 {would be answered} 25.e4 {as well.} ) 25.Nh3 d4 26.e4 $1 {The knight is trapped.} 26...d3 27.Bb3 ( 27.exf5 $2 dxc2 28.f6 Bd3 $1 ) 27...c4 28.Bd1 Qb8 29.exf5 Qxe5+ 30.Kd2 Rxf5 31.f4 ( {Instead} 31.Qg3 {would have saved White a lot of nerves as Black cannot escape the endgame} 31...Qf6 $2 32.Qb8+ ) 31...Qf6 32.Bf3 Bb7 33.Bxb7 Rxb7 34.Qf3 Rf7 35.h5 Qh4 36.Rg4 Qxh5 37.Rag1 {One more chance was missed in time trouble:} ( 37.Qa8+ {would have discoordinated the black pieces} 37...Kh7 ( 37...Rf8 38.Qg2 ) 38.Qg2 {The threat is Nh3-g5+} 38...Re7 39.Rg1 Qf7 40.Qe4 {and White should win.} ) 37...Rd5 38.Nf2 Qf5 39.Ne4 Rdd7 40.Qe3 b5 {The time trouble is over and Eljanov found a way to convert his advantage:} 41.Nc5 Rde7 42.Qe5 {Back to the endgame idea.} 42...bxa4 ( 42...Qxe5 43.fxe5 Rf2+ 44.Kc1 {was a better version of the endgame for Black although it is doubtful she can save it anyway.} ) 43.Ke3 Kh7 44.Rh4 Qxe5+ 45.fxe5 Rf5 46.Rxc4 Rxe5+ 47.Ne4 g5 48.Rxa4 Kg6 49.Kxd3 Rf7 50.Nd2 h5 51.Re4 Rxe4 52.Nxe4 g4 53.c4 Rf3+ 54.Kd4 Kf5 55.Ng3+ Rxg3 ( {Or} 55...Kg5 56.c5 ) 56.Rxg3 h4 57.Rg1 g3 58.Ke3 Kg4 59.Rd1 e5 60.c5 1-0